000 00344cam a2200145ua 4500
041 _aeng
_h
082 _a823.301
_bJOH/BL
100 _aBlack, E L .
245 _aAspects of the short stry /
_cE L Black.
_hTextual Documents
260 _a :
_bJohn Murray ,
_c1965.
300 _a176 ; .
504 _a
942 _cBK
999 _c3369
_d3369